El tecnoscopio /

Guardado en:
Autor Principal: Buch, Tomás
Formato: Libro
Publicado: Buenos Aires : Aique, 1997
Edición:3a. ed.
Materias:
Etiquetas: Agregar Etiqueta
Sin Etiquetas, Sea el primero en etiquetar este registro!
LEADER 01326nam a22002535a 4500
001 CEM.cems009626
005 20080826090052.0
008 130507s1997##################000#0#####d
003 CEMS
020 |a 9507013431 
082 0 4 |a 602 
100 1 |a Buch, Tomás 
245 1 0 |a El tecnoscopio /  |c Tomás Buch 
250 |a 3a. ed. 
260 |a Buenos Aires :  |b Aique,  |c 1997 
300 |a 502 p. 
500 |a Red Federal de Formación Docente Continua 
505 0 |a Tecnología y sociedad -- Impacto social del cambio tecnológico -- La tecnología como mercancía -- Tecnología y producción -- La producción de tecnología -- El proyecto tecnológico -- Tecnología de la organización -- La tecnología de los medios -- Tecnología de los materiales -- Energía -- Tecnología química -- Sustentabilidad -- Biotecnología -- Tecnología mecánica e industrial -- Electrónica -- Informática -- La tecnología de los fines -- Los transportes -- Los alimentos -- Los textiles -- El hábitat -- Tecnología médica -- Tecnología militar -- Los capítulos ausentes 
653 |a Biotecnología 
653 |a Educación-tecnología 
653 |a Tecnología 
653 |a Tecnología educativa 
859 |a CEMS  |b BIB. CEMS - 11 de abril  |h 602  |i B892  |p 19819.98  |t Ej.1 
859 |a CEMS  |b BIB. CEMS - 11 de abril  |h 602  |i B892  |p 19820.98  |t Ej.2